Normal view
MARC view
Entry Personal Name
001 - CONTROL NUMBER
- control field: 37303
003 - CONTROL NUMBER IDENTIFIER
- control field: ARRUPE
005 - DATE AND TIME OF LATEST TRANSACTION
- control field: 20171027081533.0
008 - FIXED-LENGTH DATA ELEMENTS
- fixed length control field: 171027|| aca||aabn | a|a d
040 ## - CATALOGING SOURCE
- Original cataloging agency: ARRUPE
- Transcribing agency: ARRUPE
100 ## - HEADING--PERSONAL NAME
- Personal name: Desai, Kiran,
- Dates associated with a name: 1971-
670 ## - SOURCE DATA FOUND
- Source citation: Work cat.: (ARRUPE)0: Desai, Kiran, 1971-, The inheritance of loss /, c2006.